Sports Quiz

Random Sports or Clickable Quiz
Score 0/22 Timer 10:00
0 Plays Today
% Correct
Aaron Rodgers
93.8%
Floyd Mayweather
91.7%
Mike Trout
85.4%
Russell Westbrook
85.4%
Adam Scott
70.8%
Stanislas Wawrinka
66.7%
Mo Farah
66.7%
Jevgenij Malkin
64.6%
Manuel Neuer
60.4%
ZHANG Jike
56.3%
Sébastien Loeb
54.2%
% Correct
Romain Grosjean
54.2%
LEE Chong Wei
52.1%
Richie McCaw
50%
Marc Márquez
47.9%
Ramy Ashour
47.9%
James Magnussen
47.9%
Sun Yang
47.9%
Ding Junhui
45.8%
Hashim Amla
45.8%
Nickel Ashmeade
45.8%
Behdad Salimi
45.8%
Remove Ads.
Support Sporcle.
Get the best of Sporcle when you Go Orange. This ad-free experience offers more features, more stats, and more fun while also helping to support Sporcle. Thank you for becoming a member.

You're not logged in!

Compare scores with friends on all Sporcle quizzes.
OR
Log In

Show Comments

Extras

Created Oct 6, 2013ReportNominate
Tags:Clickable Quiz, Athletes, test

Top Quizzes Today


Score Distribution

Your Account Isn't Verified!

In order to create a playlist on Sporcle, you need to verify the email address you used during registration. Go to your Sporcle Settings to finish the process.

Report this User

Report this user for behavior that violates our Community Guidelines.

Details: